Drapeaux fusionnés n°3 - Statistiques

Statistiques générales
  • Ce quiz a été pris 824 fois
  • Le résultat moyen est 18 sur 28
Statistiques - réponses
Hint Réponse % Correct
Népal
96%
Niger
94%
Estonie
93%
Uruguay
92%
Nigeria
91%
Argentine
90%
Éthiopie
87%
Papouasie-Nouvelle-Guinée
80%
Mexique
77%
Lesotho
76%
Mozambique
75%
Sri Lanka
73%
Cap-Vert
70%
Koweït
64%
Tadjikistan
63%
Ouganda
62%
Autriche
61%
Guatemala
56%
Malaisie
54%
Maurice
53%
Bélize
52%
Azerbaïdjan
51%
Saint-Christophe- et-Niévès
44%
Zimbabwe
39%
Tuvalu
37%
Timor Oriental
35%
Oman
32%
Monténégro
17%
Aucun quiz correspondant
Distribution des résultats
% des personnes avec chaque résultat
Percentile par nombre de réponses
Votre historique - résultats
Vous n’avez pas pris ce quiz